LIBRARY & INFORMATION CENTRE, KCAET, TAVANUR

ONLINE PUBLIC ACCESS CATALOGUE (OPAC)

Horatian Satires and Epistles (Record no. 17830)

MARC details
000 -LEADER
fixed length control field 00370nam a2200145Ia 4500
003 - CONTROL NUMBER IDENTIFIER
control field OSt
008 - FIXED-LENGTH DATA ELEMENTS--GENERAL INFORMATION
fixed length control field 200919s9999||||xx |||||||||||||| ||und||
041 ## - LANGUAGE CODE
Language code of text/sound track or separate title eng
082 ## - DEWEY DECIMAL CLASSIFICATION NUMBER
Classification number 821
Item number POP-H
100 ## - MAIN ENTRY--AUTHOR NAME
Personal name Pope, Alexander; Erskine - Hill H H
245 #0 - TITLE STATEMENT
Title Horatian Satires and Epistles
260 ## - PUBLICATION, DISTRIBUTION, ETC. (IMPRINT)
Place of publication London
Name of publisher Oxford University Press
Year of publication 1964
300 ## - PHYSICAL DESCRIPTION
Number of Pages 192p
942 ## - ADDED ENTRY ELEMENTS (KOHA)
Koha item type Books
Holdings
Withdrawn status Lost status Damaged status Home library Current library Date acquired Full call number Accession Number Koha item type
      KAUAET KAUAET 14/11/2023 821 POP-H 11923 Books
free website counter